[Event "CRO-ch U11"]
[Site "Trogir"]
[Date "2021.06.23"]
[Round "7"]
[White "Katic, Sara"]
[Black "Babic, Tena"]
[Result "1-0"]
[WhiteElo "1641"]
[BlackElo "1600"]
[PlyCount "55"]
[EventDate "2021.06.19"]
[EventType "swiss"]
[EventRounds "9"]
[EventCountry "CRO"]
[SourceTitle "EXT 2022"]
[Source "ChessBase"]
[SourceDate "2021.10.06"]
[SourceVersion "1"]
[SourceVersionDate "2021.10.06"]
[SourceQuality "1"]

1. e4 e5 2. Nf3 Nc6 3. Bb5 a6 4. Ba4 b5 5. Bb3 Bb4 6. c3 Bc5 7. 0-0 h6 8. Re1 Nf6 9. Bc2 Ng4 10. h3 Bxf2+ 11. Kf1 Bxe1 12. Qxe1 Nh2+ 13. Nxh2 Qf6+ 14. Kg1 0-0 15. Ng4 Qf4 16. d3 Qf6 17. Nxf6+ gxf6 18. Qg3+ Kh8 19. Bxh6 Rg8 20. Qh4 Rg6 21. Bd1 Bb7 22. Bh5 Rgg8 23. Qxf6+ Kh7 24. Bxf7 Rg3 25. Qh4 Rxd3 26. Nd2 Rd6 27. Bf8+ Rh6 28. Qxh6# 1-0